| 000 | 00528nam a2200097Ia 4500 | ||
|---|---|---|---|
| 008 | 170517s9999 xx 000 0 und d | ||
| 245 | 4 | _aThe Future of Food | |
| 300 | _aThere is a revolution happening in the farm fields and on the dinner tables of America - a revolution that is transforming the very nature of the food we eat. The Future of Food offers an in-depth investigation into the disturbing truth behind the unlabeled, patented,... | ||
| 650 | _xTechnology. | ||
| 856 | _uhttp://topdocumentaryfilms.com/the-future-of-food/ | ||
| 999 |
_c335110 _d335110 |
||